Multiculturalism and Conflict Reconciliation in the Asia-Pacific : Migration, Language and Politics.

This book is open access under a CC BY license. This edited collection focuses on theories, language and migration in relation to multiculturalism in Japan and the Asia-Pacific. Each chapter aims to provide alternative understandings to current conflicts that have arisen due to immigration and polic...

Full description

Bibliographic Details
Main Author: Shimizu, K.
Other Authors: Bradley, W.
Format: eBook
Language:English
Published: London : Palgrave Macmillan UK, 2014.
Edition:1st ed.
Subjects:
Online Access:Click to View
LEADER 03429nam a22003973i 4500
001 EBC6422743
003 MiAaPQ
005 20231204023215.0
006 m o d |
007 cr cnu||||||||
008 231204s2014 xx o ||||0 eng d
020 |a 9781137403605  |q (electronic bk.) 
020 |z 9781137403599 
035 |a (MiAaPQ)EBC6422743 
035 |a (Au-PeEL)EBL6422743 
035 |a (OCoLC)889521315 
040 |a MiAaPQ  |b eng  |e rda  |e pn  |c MiAaPQ  |d MiAaPQ 
050 4 |a JZ2-6530 
100 1 |a Shimizu, K. 
245 1 0 |a Multiculturalism and Conflict Reconciliation in the Asia-Pacific :  |b Migration, Language and Politics. 
250 |a 1st ed. 
264 1 |a London :  |b Palgrave Macmillan UK,  |c 2014. 
264 4 |c Ã2014. 
300 |a 1 online resource (249 pages) 
336 |a text  |b txt  |2 rdacontent 
337 |a computer  |b c  |2 rdamedia 
338 |a online resource  |b cr  |2 rdacarrier 
505 0 |a Cover -- Title Page -- Copyright Page -- Table of Contents -- List of Figures and Tables -- Foreword by Koichi Iwabuchi -- Acknowledgments -- Notes on Contributors -- 1 Introduction -- Part I Theories and Identities -- 2 Multicultural Coexistence in Japan: Follower, Innovator, or Reluctant Late Adopter? -- 3 A Critical Analysis of Multiculturalism and Deviant Identities: Untold Stories of Japanese Americans without Nations -- 4 Theorizing Multiculturalism: Modeling the Dynamics of Inclusion and Exclusion in School-Based Multicultural Settings -- Part II Language and Language Policies -- 5 Who Owns Our Tongue? English, Academic Life, and Subjectivity -- 6 Preservice and Inservice English as a Foreign Language Teachers' Perceptions of the New Language Education Policy Regarding the Teaching of Classes in English at Japanese Senior High Schools -- 7 An Alternative Approach to Foreign LanguageEducation in Japan with a View toward Becominga Multicultural Society -- Part III Migration and Citizenship -- 8 Female Domestic Workers on the Move: Examining Global Householding and Global De-Householding in Today's World -- 9 Multiculturalism Policies and the Stepwise International Migration of Filipino Nurses: Implications for Japan -- 10 Who Benefits from Dual Citizenship? The New Nationality Law and Multicultural Future of South Korea -- 11 "Global Jinzai," Japanese Higher Education, and the Path to Multiculturalism: Imperative, Imposter, or Immature? -- Afterword -- Index. 
520 |a This book is open access under a CC BY license. This edited collection focuses on theories, language and migration in relation to multiculturalism in Japan and the Asia-Pacific. Each chapter aims to provide alternative understandings to current conflicts that have arisen due to immigration and policies related to education, politics, language, work, citizenship and identity. 
588 |a Description based on publisher supplied metadata and other sources. 
590 |a Electronic reproduction. Ann Arbor, Michigan : ProQuest Ebook Central, 2023. Available via World Wide Web. Access may be limited to ProQuest Ebook Central affiliated libraries.  
655 4 |a Electronic books. 
700 1 |a Bradley, W. 
776 0 8 |i Print version:  |a Shimizu, K.  |t Multiculturalism and Conflict Reconciliation in the Asia-Pacific  |d London : Palgrave Macmillan UK,c2014  |z 9781137403599 
797 2 |a ProQuest (Firm) 
856 4 0 |u https://ebookcentral.proquest.com/lib/matrademy/detail.action?docID=6422743  |z Click to View